{"text_format":"1","workbook":"xlsx","n_sheets":7,"sheets":["ИЖ 6-8 2012","ИЖ 6-8 2011","ИЖ 6-8 2010","ТР 6-8","ИМ 6-8","ГР 6-8","СП 6-8"],"not_rendered":{"charts":0,"images":3,"macros":1,"external_links":0,"defined_names":7,"comments":0,"pivot_tables":0},"unopened":[],"bounds":{"document_bytes":16777216,"sheet_cells":100000,"rows_first":2000,"rows_last":500,"rows_between":2000,"halvings":0,"cell_chars":16384,"cell_head_chars":4096},"cells_cut":0,"cells_raw":0,"read":"whole","date_system":"1900"}

{"sheet":"ИЖ 6-8 2012","index":0,"n_rows":14,"n_cols":28,"rows_kept":14,"cut":false,"hidden":false,"merged":[[7,18,7,20],[7,22,7,25],[7,26,8,26],[7,27,8,27],[3,4,3,26],[4,4,4,26],[5,8,5,20],[5,23,5,27],[7,0,8,0],[7,1,8,1],[7,2,8,2],[7,3,8,3],[7,4,7,10],[7,11,7,17],[0,7,0,22],[0,23,0,25],[0,26,0,27],[1,4,1,26],[2,7,2,22],[2,23,2,25],[2,26,2,27]]}
[null,null,null,null,null,null,null,null,null,null,null,null,null,null,null,null,null,null,null,null,null,null,null," ",null,null," "]
[]
[null,null,null,null,null,null,null,"П р о т о к о л  ",null,null,null,null,null,null,null,null,null,null,null,null,null,null,null,"г. Барнаул",null,null,"14-17.11.2018"]
[null,null,null,null,"ПЕРВЕНСТВО АЛТАЙСКОГО КРАЯ ПО СПОРТИВНОЙ АЭРОБИКЕ \"СОЗВЕЗДИЕ СИБИРИ\""]
[null,null,null,null,"ФИНАЛ"]
[null,null,null,null,null,null,null,null,null,null,null,null,null,null,null,null,null,null,null,null,null,null,null,"ИЖ 6-8 лет (2012)"]
[]
["№","Участник","Клуб","Регион","Исполнение",null,null,null,null,null,null,"Артистичность",null,null,null,null,null,null,"Сложность",null,null,"Пирамида","Сбавки",null,null,null,"Общий балл","Место"]
[null,null,null,null,1,2,3,4,"МIN \"А\"","МАХ \"А\"","СР",5,6,7,8,"МIN \"И\"","МАХ \"И\"","СР",9,10,"СР",1,"Э","Л","Глав. судья","общ"]
[2,"Хлыстунова Анна","МБУ СП \"СШ \"Рубцовск\"","Рубцовск Алтайский край",7.4,7.4,6.3,7.7,{"$f":"MIN(E10,F10,G10,H10)","v":6.3},{"$f":"MAX(E10,F10,G10,H10)","v":7.7},{"$f":"(E10+F10+G10+H10-I10-J10)/2","v":7.4},6.3,7.4,7,6.7,{"$f":"MIN(L10,M10,N10,O10)","v":6.3},{"$f":"MAX(L10,M10,N10,O10)","v":7.4},{"$f":"(L10+M10+N10+O10-P10-Q10)/2","v":6.8499999999999988},1.6,1.6,{"$f":"(S10+T10)/4","v":0.8},null,null,null,null,{"$f":"W10+X10+Y10","v":0},{"$f":"K10+R10+U10+V10-Z10","v":15.05},{"$f":"RANK(AA10,$AA$9:$AA$11,0)","v":1}]
[1,"Соколова Мария","с/к \" Реванш\"","Барнаул Алтайский край",7.1,7.1,6,7.6,{"$f":"MIN(E11,F11,G11,H11)","v":6},{"$f":"MAX(E11,F11,G11,H11)","v":7.6},{"$f":"(E11+F11+G11+H11-I11-J11)/2","v":7.0999999999999988},6.5,7.2,6.9,6.8,{"$f":"MIN(L11,M11,N11,O11)","v":6.5},{"$f":"MAX(L11,M11,N11,O11)","v":7.2},{"$f":"(L11+M11+N11+O11-P11-Q11)/2","v":6.8500000000000014},1.5,1.5,{"$f":"(S11+T11)/4","v":0.75},null,null,null,null,{"$f":"W11+X11+Y11","v":0},{"$f":"K11+R11+U11+V11-Z11","v":14.7},{"$f":"RANK(AA11,$AA$9:$AA$11,0)","v":2}]
[null,"Главный  судья:",null,null,null,null,null,null,"Л.Н. Ляшенко",null,null,null,null,null,"Главный секретарь:",null,null,null,null,null,null,"Т.В.Хоружева"]
[]
[null,"Заместитель главного судьи:",null,null,null,null,null,null,"Н.К. Гринина",null,null,null,null,null,"Заместитель главного секретаря",null,null,null,null,null,null,"Д.А.Гринина"]

{"sheet":"ИЖ 6-8 2011","index":1,"n_rows":20,"n_cols":28,"rows_kept":20,"cut":false,"hidden":false,"merged":[[7,18,7,20],[7,22,7,25],[7,26,8,26],[7,27,8,27],[3,4,3,26],[4,4,4,26],[5,8,5,20],[5,23,5,27],[7,0,8,0],[7,1,8,1],[7,2,8,2],[7,3,8,3],[7,4,7,10],[7,11,7,17],[0,7,0,22],[0,23,0,25],[0,26,0,27],[1,4,1,26],[2,7,2,22],[2,23,2,25],[2,26,2,27]]}
[null,null,null,null,null,null,null,null,null,null,null,null,null,null,null,null,null,null,null,null,null,null,null," ",null,null," "]
[]
[null,null,null,null,null,null,null,"П р о т о к о л  ",null,null,null,null,null,null,null,null,null,null,null,null,null,null,null,"г. Барнаул",null,null,"14-17.11.2018"]
[null,null,null,null,"ПЕРВЕНСТВО АЛТАЙСКОГО КРАЯ ПО СПОРТИВНОЙ АЭРОБИКЕ \"СОЗВЕЗДИЕ СИБИРИ\""]
[null,null,null,null,"ФИНАЛ"]
[null,null,null,null,null,null,null,null,null,null,null,null,null,null,null,null,null,null,null,null,null,null,null,"ИЖ 6-8 лет (2011)"]
[]
["№","Участник","Клуб","Регион","Исполнение",null,null,null,null,null,null,"Артистичность",null,null,null,null,null,null,"Сложность",null,null,"Пирамида","Сбавки",null,null,null,"Общий балл","Место"]
[null,null,null,null,1,2,3,4,"МIN \"А\"","МАХ \"А\"","СР",5,6,7,8,"МIN \"И\"","МАХ \"И\"","СР",9,10,"СР",1,"Э","Л","Глав. судья","общ"]
[3,"Астахова Софья","МБУ СП \"СШ №6\", АКООПРС \"Город Мастеров\"","Барнаул Алтайский край",8,7.4,8.1999999999999993,8,{"$f":"MIN(E10,F10,G10,H10)","v":7.4},{"$f":"MAX(E10,F10,G10,H10)","v":8.1999999999999993},{"$f":"(E10+F10+G10+H10-I10-J10)/2","v":8.0000000000000018},7.5,7.6,8.1,7.9,{"$f":"MIN(L10,M10,N10,O10)","v":7.5},{"$f":"MAX(L10,M10,N10,O10)","v":8.1},{"$f":"(L10+M10+N10+O10-P10-Q10)/2","v":7.7500000000000009},2.1,2.1,{"$f":"(S10+T10)/4","v":1.05},null,null,null,null,{"$f":"W10+X10+Y10","v":0},{"$f":"K10+R10+U10+V10-Z10","v":16.800000000000004},{"$f":"RANK(AA10,$AA$9:$AA$17,0)","v":1}]
[12,"Шмаль Полина","МБУ СП «СШ « Победа»","Барнаул Алтайский край",7.8,7.8,8.1999999999999993,8.3000000000000007,7.8,8.3000000000000007,7.9999999999999964,8,7.4,7.7,7.7,7.4,8,7.6999999999999993,2.1,2.1,1.05,null,null,null,null,0,16.749999999999996,2]
[11,"Перелыгина Полина","МБУ СП \"СШ №6\", АКООПРС \"Город Мастеров\"","Барнаул Алтайский край",7.6,7.4,7.6,7.8,7.4,7.8,7.6,7.8,7.4,7.6,7.8,7.4,7.8,7.6999999999999975,2.1,2.1,1.05,null,null,null,null,0,16.349999999999998,3]
[13,"Лобищева Валерия","МБУ СП \"СШ №6\", АКООПРС \"Город Мастеров\"","Барнаул Алтайский край",7.3,7,7.6,7.8,7,7.8,7.4499999999999993,7.7,7.5,7.8,7.9,7.5,7.9,7.7499999999999991,2.1,2.1,1.05,null,null,null,null,0,16.25,4]
[15,"Дианова Янина","МБУ СП \"СШ №6\", АКООПРС \"Город Мастеров\"","Барнаул Алтайский край",7.4,7.3,7.5,7.5,7.3,7.5,7.4499999999999993,7.4,7.4,7.5,7.7,7.4,7.7,7.4500000000000011,2.1,2.1,1.05,null,null,null,null,0,15.950000000000001,5]
[2,"Лымарь Яна","КГБУ СП \"СШ\"Жемчужина Алтая\"","Барнаул Алтайский край",7.5,7,7.2,7.4,7,7.5,7.3000000000000007,7.2,7.5,7,7.6,7,7.6,7.3499999999999988,2.1,2.1,1.05,null,null,null,null,0,15.7,6]
[14,"Иляхина Анна","МБУ СП \"СШ №6\", АКООПРС \"Город Мастеров\"","Барнаул Алтайский край",7.3,7.1,7.3,7.5,7.1,7.5,7.3000000000000007,7.7,7.2,7.3,7.7,7.2,7.7,7.5,1.7,1.7,0.85,null,null,null,null,0,15.65,7]
[5,"Смирнова Арина","ДООЦ Спутник","Новосибирск Новосибирская область",7.1,7,7.4,7.1,7,7.4,7.1000000000000005,7.7,7.3,7.2,7.5,7.2,7.7,7.4,1.7,1.7,0.85,null,null,null,null,0,15.35,8]
[null,"Главный  судья:",null,null,null,null,null,null,"Л.Н. Ляшенко",null,null,null,null,null,"Главный секретарь:",null,null,null,null,null,null,"Т.В.Хоружева"]
[]
[null,"Заместитель главного судьи:",null,null,null,null,null,null,"Н.К. Гринина",null,null,null,null,null,"Заместитель главного секретаря",null,null,null,null,null,null,"Д.А.Гринина"]

{"sheet":"ИЖ 6-8 2010","index":2,"n_rows":21,"n_cols":28,"rows_kept":21,"cut":false,"hidden":false,"merged":[[7,18,7,20],[7,22,7,25],[7,26,8,26],[7,27,8,27],[3,4,3,26],[4,4,4,26],[5,8,5,20],[5,23,5,27],[7,0,8,0],[7,1,8,1],[7,2,8,2],[7,3,8,3],[7,4,7,10],[7,11,7,17],[0,7,0,22],[0,23,0,25],[0,26,0,27],[1,4,1,26],[2,7,2,22],[2,23,2,25],[2,26,2,27]]}
[null,null,null,null,null,null,null,null,null,null,null,null,null,null,null,null,null,null,null,null,null,null,null," ",null,null," "]
[]
[null,null,null,null,null,null,null,"П р о т о к о л  ",null,null,null,null,null,null,null,null,null,null,null,null,null,null,null,"г. Барнаул",null,null,"14-17.11.2018"]
[null,null,null,null,"ПЕРВЕНСТВО АЛТАЙСКОГО КРАЯ ПО СПОРТИВНОЙ АЭРОБИКЕ \"СОЗВЕЗДИЕ СИБИРИ\""]
[null,null,null,null,"ФИНАЛ"]
[null,null,null,null,null,null,null,null,null,null,null,null,null,null,null,null,null,null,null,null,null,null,null,"ИЖ 6-8 лет (2010)"]
[]
["№","Участник","Клуб","Регион","Исполнение",null,null,null,null,null,null,"Артистичность",null,null,null,null,null,null,"Сложность",null,null,"Пирамида","Сбавки",null,null,null,"Общий балл","Место"]
[null,null,null,null,1,2,3,4,"МIN \"А\"","МАХ \"А\"","СР",5,6,7,8,"МIN \"И\"","МАХ \"И\"","СР",9,10,"СР",1,"Э","Л","Глав. судья","общ"]
[17,"Кузнецова Дарья","МБУ СП «СШ « Победа»","Барнаул Алтайский край",8.3000000000000007,8,8.4,8.4,{"$f":"MIN(E10,F10,G10,H10)","v":8},{"$f":"MAX(E10,F10,G10,H10)","v":8.4},{"$f":"(E10+F10+G10+H10-I10-J10)/2","v":8.3500000000000014},8.4,7.9,7.7,7.9,{"$f":"MIN(L10,M10,N10,O10)","v":7.7},{"$f":"MAX(L10,M10,N10,O10)","v":8.4},{"$f":"(L10+M10+N10+O10-P10-Q10)/2","v":7.8999999999999995},2.1,2.1,{"$f":"(S10+T10)/4","v":1.05},null,null,null,null,{"$f":"W10+X10+Y10","v":0},{"$f":"K10+R10+U10+V10-Z10","v":17.3},{"$f":"RANK(AA10,$AA$9:$AA$18,0)","v":1}]
[3,"Родионова Софья","МБУ СП \"СШ №6\", АКООПРС \"Город Мастеров\"","Барнаул Алтайский край",7.6,7.4,8.1999999999999993,7.8,7.4,8.1999999999999993,7.7000000000000011,8.4,7.5,7.9,7.9,7.5,8.4,7.9000000000000012,2.1,2.1,1.05,null,null,null,null,0,16.650000000000002,2]
[19,"Тоскуева Анна","МБУ СП «СШ « Победа»","Барнаул Алтайский край",8.1,7.8,8.3000000000000007,7.7,7.7,8.3000000000000007,7.9499999999999993,7.5,7.9,7.4,7.7,7.4,7.9,7.6000000000000005,2.1,2.1,1.05,null,null,null,null,0,16.600000000000001,3]
[4,"Адарич Анна","КГБУ СП \"СШ\"Жемчужина Алтая\"","Барнаул Алтайский край",7.4,7.5,8,7.5,7.4,8,7.5,7.9,7.8,7.8,8,7.8,8,7.85,2.1,2.1,1.05,null,null,null,null,0,16.399999999999999,4]
[7,"Шлыкова Валерия","КГБУ СП \"СШ\"Жемчужина Алтая\"","Камень-на-Оби Алтайский край",7.6,7.3,7.8,7.9,7.3,7.9,7.7,8.3000000000000007,7.4,7.4,7.6,7.4,8.3000000000000007,7.5000000000000018,2.1,2.1,1.05,null,null,null,null,0,16.250000000000004,5]
[14,"Погорелая Екатерина","МБУ СП «СШ « Победа»","Барнаул Алтайский край",8,7.2,7.8,7.5,7.2,8,7.65,7.6,7.4,7.5,7.6,7.4,7.6,7.5500000000000016,2.1,2.1,1.05,null,null,null,null,0,16.250000000000004,5]
[18,"Гриднева Анастасия","МБУ СП \"СШ №6\", АКООПРС \"Город Мастеров\"","Барнаул Алтайский край",7.2,7.2,7.6,7.6,7.2,7.6,7.4000000000000012,7.5,7.3,7.7,7.8,7.3,7.8,7.6,2.1,2.1,1.05,null,null,null,null,0,16.05,7]
[10,"Жданова Юлия","КГБУ СП \"СШ\"Жемчужина Алтая\"","Барнаул Алтайский край",7.2,7.2,7.7,7.4,7.2,7.7,7.3000000000000007,7.5,7.9,7.5,7.5,7.5,7.9,7.4999999999999991,2.1,2.1,1.05,null,null,null,null,0,15.850000000000001,8]
[16,"Морозова Василиса","ДООЦ Спутник","Новосибирск Новосибирская область",7.3,7.2,7.6,7.3,7.2,7.6,7.3000000000000016,7.4,7.3,7.3,7.7,7.3,7.7,7.35,1.9,1.9,0.95,null,null,null,null,0,15.600000000000001,9]
[null,"Главный  судья:",null,null,null,null,null,null,"Л.Н. Ляшенко",null,null,null,null,null,"Главный секретарь:",null,null,null,null,null,null,"Т.В.Хоружева"]
[]
[null,"Заместитель главного судьи:",null,null,null,null,null,null,"Н.К. Гринина",null,null,null,null,null,"Заместитель главного секретаря",null,null,null,null,null,null,"Д.А.Гринина"]

{"sheet":"ТР 6-8","index":3,"n_rows":21,"n_cols":28,"rows_kept":21,"cut":false,"hidden":false,"merged":[[0,7,0,22],[0,23,0,25],[0,26,0,27],[1,4,1,26],[2,7,2,22],[2,23,2,25],[2,26,2,27],[7,0,8,0],[7,1,8,1],[7,3,8,3],[7,4,7,10],[7,11,7,17],[7,2,8,2],[7,22,7,25],[7,26,8,26],[7,27,8,27],[3,4,3,26],[4,4,4,26],[5,8,5,20],[5,23,5,27],[7,18,7,20]]}
[null,null,null,null,null,null,null,null,null,null,null,null,null,null,null,null,null,null,null,null,null,null,null," ",null,null," "]
[]
[null,null,null,null,null,null,null,"П р о т о к о л  ",null,null,null,null,null,null,null,null,null,null,null,null,null,null,null,"г. Барнаул",null,null,"14-17.11.2018"]
[null,null,null,null,"ПЕРВЕНСТВО АЛТАЙСКОГО КРАЯ ПО СПОРТИВНОЙ АЭРОБИКЕ \"СОЗВЕЗДИЕ СИБИРИ\""]
[null,null,null,null,"ФИНАЛ"]
[null,null,null,null,null,null,null,null,null,null,null,null,null,null,null,null,null,null,null,null,null,null,null,"ТР 6-8 лет"]
[]
["№","Участник","Клуб","Регион","Исполнение",null,null,null,null,null,null,"Артистичность",null,null,null,null,null,null,"Сложность",null,null,"Пирамида","Сбавки",null,null,null,"Общий балл","Место"]
[null,null,null,null,1,2,3,4,"МIN \"А\"","МАХ \"А\"","СР",5,6,7,8,"МIN \"И\"","МАХ \"И\"","СР",9,10,"СР",1,"Э","Л","Глав. судья","общ"]
[1,"Кузнецова Дарья Струкова Анастасия Кершман Дарья","МБУ СП «СШ « Победа»","Барнаул Алтайский край",7.8,8,8.1999999999999993,8.3000000000000007,{"$f":"MIN(E10,F10,G10,H10)","v":7.8},{"$f":"MAX(E10,F10,G10,H10)","v":8.3000000000000007},{"$f":"(E10+F10+G10+H10-I10-J10)/2","v":8.0999999999999979},7.7,7.8,7.9,8,{"$f":"MIN(L10,M10,N10,O10)","v":7.7},{"$f":"MAX(L10,M10,N10,O10)","v":8},{"$f":"(L10+M10+N10+O10-P10-Q10)/2","v":7.85},2.1,2.1,{"$f":"(S10+T10)/4","v":1.05},null,null,null,null,{"$f":"W10+X10+Y10","v":0},{"$f":"K10+R10+U10+V10-Z10","v":16.999999999999996},{"$f":"RANK(AA10,$AA$9:$AA$17,0)","v":1}]
[6,"Шмаль Полина Черенцева София Головачева Полина","МБУ СП «СШ « Победа»","Барнаул Алтайский край",8,7.5,8,8.1,7.5,8.1,8,7.9,7.7,7.7,8,7.7,8,7.8000000000000007,2.1,2.1,1.05,null,null,null,null,0,16.850000000000001,2]
[2,"Адарич Анна Жданова Юлия Гладышева Юлия","КГБУ СП \"СШ\"Жемчужина Алтая\"","Барнаул Алтайский край",7.3,8,7.8,7.7,7.3,8,7.75,7.9,7.9,7.9,8,7.9,8,7.9000000000000021,2.1,2.1,1.05,null,null,null,null,0,16.700000000000003,3]
[7,"Пирмамедова Алиса Артемова Стефания Родионова Софья","МБУ СП \"СШ №6\", АКООПРС \"Город Мастеров\"","Барнаул Алтайский край",7.3,7.4,7.8,7.6,7.3,7.8,7.5,7.7,7.4,8,8,7.4,8,7.8500000000000014,2.1,2.1,1.05,null,null,null,null,0,16.400000000000002,4]
[18,"Куранда Александра Астахова Софья Перелыгина Полина ","МБУ СП \"СШ №6\", АКООПРС \"Город Мастеров\"","Барнаул Алтайский край",7.5,7.3,8,7.4,7.3,8,7.4500000000000011,7.6,7.5,7.9,7.9,7.5,7.9,7.7499999999999991,2.1,2.1,1.05,null,null,null,null,0,16.25,5]
[15,"Дианова Янина Иляхина Анна Лобищева Валерия","МБУ СП \"СШ №6\", АКООПРС \"Город Мастеров\"","Барнаул Алтайский край",7.1,7.6,7.8,7.3,7.1,7.8,7.4500000000000011,7.6,7.3,7.7,7.7,7.3,7.7,7.6499999999999986,2.1,2.1,1.05,null,null,null,null,0,16.149999999999999,6]
[20,"Назарова Мария Щеклеина Медина Гриднева Анастасия","МБУ СП \"СШ №6\", АКООПРС \"Город Мастеров\"","Барнаул Алтайский край",7,7.3,7.5,7.4,7,7.5,7.3500000000000014,7.6,7.4,7.8,7.8,7.4,7.8,7.7000000000000011,2.1,2.1,1.05,null,null,null,null,0,16.100000000000001,7]
[13,"Погорелая Екатерина Пичугина Екатерина    Тоскуева Анна","МБУ СП «СШ « Победа»","Барнаул Алтайский край",7.6,7.2,7.6,7.3,7.2,7.6,7.45,7.5,7.2,7.4,7.7,7.2,7.7,7.4500000000000011,2.1,2.1,1.05,null,null,null,null,0,15.950000000000003,8]
[]
[null,"Главный  судья:",null,null,null,null,null,null,"Л.Н. Ляшенко",null,null,null,null,null,"Главный секретарь:",null,null,null,null,null,null,"Т.В.Хоружева"]
[]
[null,"Заместитель главного судьи:",null,null,null,null,null,null,"Н.К. Гринина",null,null,null,null,null,"Заместитель главного секретаря",null,null,null,null,null,null,"Д.А.Гринина"]

{"sheet":"ИМ 6-8","index":4,"n_rows":20,"n_cols":28,"rows_kept":20,"cut":false,"hidden":false,"merged":[[7,18,7,20],[7,22,7,25],[7,26,8,26],[7,27,8,27],[3,4,3,26],[4,4,4,26],[5,8,5,20],[5,23,5,27],[7,11,7,17],[7,0,8,0],[7,1,8,1],[7,2,8,2],[7,3,8,3],[7,4,7,10],[0,7,0,22],[0,23,0,25],[0,26,0,27],[1,4,1,26],[2,7,2,22],[2,23,2,25],[2,26,2,27]]}
[null,null,null,null,null,null,null,null,null,null,null,null,null,null,null,null,null,null,null,null,null,null,null," ",null,null," "]
[]
[null,null,null,null,null,null,null,"П р о т о к о л  ",null,null,null,null,null,null,null,null,null,null,null,null,null,null,null,"г. Барнаул",null,null,"14-17.11.2018"]
[null,null,null,null,"ПЕРВЕНСТВО АЛТАЙСКОГО КРАЯ ПО СПОРТИВНОЙ АЭРОБИКЕ \"СОЗВЕЗДИЕ СИБИРИ\""]
[null,null,null,null,"ФИНАЛ"]
[null,null,null,null,null,null,null,null,null,null,null,null,null,null,null,null,null,null,null,null,null,null,null,"ИМ 6-8 лет "]
[]
["№","Участник","Клуб","Регион","Исполнение",null,null,null,null,null,null,"Артистичность",null,null,null,null,null,null,"Сложность",null,null,"Пирамида","Сбавки",null,null,null,"Общий балл","Место"]
[null,null,null,null,1,2,3,4,"МIN \"А\"","МАХ \"А\"","СР",5,6,7,8,"МIN \"И\"","МАХ \"И\"","СР",9,10,"СР",1,"Э","Л","Глав. судья","общ"]
[7,"Бурдунюк Глеб","МБУ СП «СШ « Победа»","Барнаул Алтайский край",7.5,7.4,7.7,7.9,{"$f":"MIN(E10,F10,G10,H10)","v":7.4},{"$f":"MAX(E10,F10,G10,H10)","v":7.9},{"$f":"(E10+F10+G10+H10-I10-J10)/2","v":7.6000000000000005},7.7,7.4,7.4,7.8,{"$f":"MIN(L10,M10,N10,O10)","v":7.4},{"$f":"MAX(L10,M10,N10,O10)","v":7.8},{"$f":"(L10+M10+N10+O10-P10-Q10)/2","v":7.5499999999999989},1.9,1.9,{"$f":"(S10+T10)/4","v":0.95},null,null,null,null,{"$f":"W10+X10+Y10","v":0},{"$f":"K10+R10+U10+V10-Z10","v":16.099999999999998},{"$f":"RANK(AA10,$AA$9:$AA$16,0)","v":1}]
[2,"Грищенко Кирилл","МБУ СП \"СШ №6\", АКООПРС \"Город Мастеров\"","Барнаул Алтайский край",7.6,7.3,7.4,7.1,7.1,7.6,7.3499999999999988,7.5,7.5,7.6,8,7.5,8,7.5500000000000007,2.1,2.1,1.05,null,null,null,null,0,15.95,{"$f":"RANK(AA11,$AA$9:$AA$16,0)","v":2}]
[4,"Арнаутов Арсений","МБУ СП \"СШ №6\", АКООПРС \"Город Мастеров\"","Барнаул Алтайский край",7,7.3,7.2,7.2,7,7.3,7.1999999999999993,7.6,7.2,7.7,7.8,7.2,7.8,7.65,1.7,1.7,0.85,null,null,null,null,0,15.7,3]
[6,"Жиганов Максим","МБУ СП \"СШ №6\", АКООПРС \"Город Мастеров\"","Барнаул Алтайский край",7.1,7.2,7.2,7.3,7.1,7.3,7.2000000000000011,7.5,7.4,7.4,7.9,7.4,7.9,7.450000000000002,2.1,2.1,1.05,null,null,null,null,0,15.700000000000003,4]
[5,"Диженков Юрий","ДЮСШ № 2 ","Новосибирск Новосибирская область",7.2,7.2,6.9,7.5,6.9,7.5,7.1999999999999993,7.5,7.5,7.5,7.5,7.5,7.5,7.5,1.9,1.9,0.95,null,null,null,null,0,15.649999999999999,{"$f":"RANK(AA14,$AA$9:$AA$16,0)","v":5}]
[3,"Агапов Александр","КГБУ СП КДЮСШ","Барнаул Алтайский край",6.5,7,6.7,6.9,6.5,7,6.8000000000000007,7.2,7.2,7.2,7.3,7.2,7.3,7.2000000000000011,1.5,1.5,0.75,null,null,null,null,0,14.750000000000002,{"$f":"RANK(AA15,$AA$9:$AA$16,0)","v":6}]
[1,"Немировский Давид","с/к \" Реванш\"","Барнаул Алтайский край",6.7,7,7,6.7,6.7,7,6.85,7,7,7.1,7.5,7,7.5,7.0500000000000007,1.4,1.4,0.7,null,null,null,null,0,14.6,{"$f":"RANK(AA16,$AA$9:$AA$16,0)","v":7}]
[]
[null,"Главный  судья:",null,null,null,null,null,null,"Л.Н. Ляшенко",null,null,null,null,null,"Главный секретарь:",null,null,null,null,null,null,"Т.В.Хоружева"]
[]
[null,"Заместитель главного судьи:",null,null,null,null,null,null,"Н.К. Гринина",null,null,null,null,null,"Заместитель главного секретаря",null,null,null,null,null,null,"Д.А.Гринина"]

{"sheet":"ГР 6-8","index":5,"n_rows":21,"n_cols":28,"rows_kept":21,"cut":false,"hidden":false,"merged":[[7,18,7,20],[7,22,7,25],[7,26,8,26],[7,27,8,27],[3,4,3,26],[4,4,4,26],[5,8,5,20],[5,23,5,27],[7,11,7,17],[7,0,8,0],[7,1,8,1],[7,2,8,2],[7,3,8,3],[7,4,7,10],[0,7,0,22],[0,23,0,25],[0,26,0,27],[1,4,1,26],[2,7,2,22],[2,23,2,25],[2,26,2,27]]}
[null,null,null,null,null,null,null,null,null,null,null,null,null,null,null,null,null,null,null,null,null,null,null," ",null,null," "]
[]
[null,null,null,null,null,null,null,"П р о т о к о л  ",null,null,null,null,null,null,null,null,null,null,null,null,null,null,null,"г. Барнаул",null,null,"14-17.11.2018"]
[null,null,null,null,"ПЕРВЕНСТВО АЛТАЙСКОГО КРАЯ ПО СПОРТИВНОЙ АЭРОБИКЕ \"СОЗВЕЗДИЕ СИБИРИ\""]
[null,null,null,null,"ФИНАЛ"]
[null,null,null,null,null,null,null,null,null,null,null,null,null,null,null,null,null,null,null,null,null,null,null,"ГР 6-8 лет"]
[]
["№","Участник","Клуб","Регион","Исполнение",null,null,null,null,null,null,"Артистичность",null,null,null,null,null,null,"Сложность",null,null,"Пирамида","Сбавки",null,null,null,"Общий балл","Место"]
[null,null,null,null,1,2,3,4,"МIN \"А\"","МАХ \"А\"","СР",5,6,7,8,"МIN \"И\"","МАХ \"И\"","СР",9,10,"СР",1,"Э","Л","Глав. судья","общ"]
[9,"Кузнецова Дарья Струкова Анастасия Кершман Дарья Головачева Полина Черенцева София","МБУ СП «СШ « Победа»","Барнаул Алтайский край",8,7.9,8.1999999999999993,8.3000000000000007,{"$f":"MIN(E10,F10,G10,H10)","v":7.9},{"$f":"MAX(E10,F10,G10,H10)","v":8.3000000000000007},{"$f":"(E10+F10+G10+H10-I10-J10)/2","v":8.1000000000000032},8.1999999999999993,7.7,7.8,7.9,{"$f":"MIN(L10,M10,N10,O10)","v":7.7},{"$f":"MAX(L10,M10,N10,O10)","v":8.1999999999999993},{"$f":"(L10+M10+N10+O10-P10-Q10)/2","v":7.8500000000000014},2.1,2.1,{"$f":"(S10+T10)/4","v":1.05},null,null,null,null,{"$f":"W10+X10+Y10","v":0},{"$f":"K10+R10+U10+V10-Z10","v":17.000000000000004},{"$f":"RANK(AA10,$AA$9:$AA$17,0)","v":1}]
[1,"Пирмамедова Алиса Артемова Стефания Родионова Софья Астахова Софья  Жиганов Максим","МБУ СП \"СШ №6\", АКООПРС \"Город Мастеров\"","Барнаул Алтайский край",7.3,7.7,7.6,7.7,7.3,7.7,7.65,8,7.3,7.9,7.9,7.3,8,7.9,2.1,2.1,1.05,null,null,null,null,0,16.600000000000001,2]
[8,"Лобищева Валерия Иляхина Анна      Куранда Александра Перелыгина Полина Дианова Янина ","МБУ СП \"СШ №6\", АКООПРС \"Город Мастеров\"","Барнаул Алтайский край",7.3,7.5,7.8,7.4,7.3,7.8,7.4499999999999993,7.8,7.5,8,8,7.5,8,7.9,2.1,2.1,1.05,null,null,null,null,0,16.399999999999999,3]
[6,"Грищенко Кирилл Арнаутов Арсений Гриднева Анастасия Назарова Мария Щеклеина Медина ","МБУ СП \"СШ №6\", АКООПРС \"Город Мастеров\"","Барнаул Алтайский край",7,7.6,7.6,7.5,7,7.6,7.55,7.7,7.4,7.6,8,7.4,8,7.6500000000000021,2.1,2.1,1.05,null,null,null,null,0,16.250000000000004,4]
[3,"Адарич Анна Жданова Юлия Гладышева Юлия Романосова Алина Лымарь Яна","КГБУ СП \"СШ\"Жемчужина Алтая\"","Барнаул Алтайский край",7.3,7.3,7.6,7.6,7.3,7.6,7.4499999999999984,7.8,7.7,7.7,7.9,7.7,7.9,7.7500000000000009,2.1,2.1,1.05,null,null,null,null,0,16.25,5]
[10,"Погорелая Екатерина Пичугина Екатерина    Тоскуева Анна Красикова Полина  Аксёнова Елизавета","МБУ СП «СШ « Победа»","Барнаул Алтайский край",7.6,7.4,7.6,7.3,7.3,7.6,7.5000000000000009,7.6,7.4,7.4,7.8,7.4,7.8,7.4999999999999982,2.1,2.1,1.05,null,null,null,null,0,16.05,6]
[7,"Морозова Василиса Вялкова Тамила Мосеева Александра Рогулева Екатерина Воробьева Кристина","ДООЦ Спутник  ","Новосибирск Новосибирская область",7,7.2,7.2,7.4,7,7.4,7.1999999999999984,7,7.4,7.3,7.6,7,7.6,7.3499999999999988,1.6,1.6,0.8,null,null,null,null,0,15.349999999999998,7]
[5,"Зайбель Маргарита\nЗабутырина Мария\nТятюхина Дарья\nДядичкина Диана\nРевва Алиса","с/к \" Реванш\"","Барнаул Алтайский край",6.4,6.7,6.9,7,6.4,7,6.8000000000000007,7.7,7.2,7.1,7.4,7.1,7.7,7.2999999999999989,1.5,1.5,0.75,null,null,null,null,0,14.85,8]
[]
[null,"Главный  судья:",null,null,null,null,null,null,"Л.Н. Ляшенко",null,null,null,null,null,"Главный секретарь:",null,null,null,null,null,null,"Т.В.Хоружева"]
[]
[null,"Заместитель главного судьи:",null,null,null,null,null,null,"Н.К. Гринина",null,null,null,null,null,"Заместитель главного секретаря",null,null,null,null,null,null,"Д.А.Гринина"]

{"sheet":"СП 6-8","index":6,"n_rows":20,"n_cols":28,"rows_kept":20,"cut":false,"hidden":false,"merged":[[7,18,7,20],[7,22,7,25],[7,26,8,26],[7,27,8,27],[3,4,3,26],[4,4,4,26],[5,8,5,20],[5,23,5,27],[7,0,8,0],[7,1,8,1],[7,2,8,2],[7,3,8,3],[7,4,7,10],[7,11,7,17],[0,7,0,22],[0,23,0,25],[0,26,0,27],[1,4,1,26],[2,7,2,22],[2,23,2,25],[2,26,2,27]]}
[null,null,null,null,null,null,null,null,null,null,null,null,null,null,null,null,null,null,null,null,null,null,null," ",null,null," "]
[]
[null,null,null,null,null,null,null,"П р о т о к о л  ",null,null,null,null,null,null,null,null,null,null,null,null,null,null,null,"г. Барнаул",null,null,"14-17.11.2018"]
[null,null,null,null,"ПЕРВЕНСТВО АЛТАЙСКОГО КРАЯ ПО СПОРТИВНОЙ АЭРОБИКЕ \"СОЗВЕЗДИЕ СИБИРИ\""]
[null,null,null,null,"ФИНАЛ"]
[null,null,null,null,null,null,null,null,null,null,null,null,null,null,null,null,null,null,null,null,null,null,null,"СП 6-8 лет "]
[]
["№","Участник","Клуб","Регион","Исполнение",null,null,null,null,null,null,"Артистичность",null,null,null,null,null,null,"Сложность",null,null,"Пирамида","Сбавки",null,null,null,"Общий балл","Место"]
[null,null,null,null,1,2,3,4,"МIN \"А\"","МАХ \"А\"","СР",5,6,7,8,"МIN \"И\"","МАХ \"И\"","СР",9,10,"СР",1,"Э","Л","Глав. судья","общ"]
[5,"Жиганов Максим Астахова Софья","МБУ СП \"СШ №6\", АКООПРС \"Город Мастеров\"","Барнаул Алтайский край",7.6,7.5,7.5,7.4,{"$f":"MIN(E10,F10,G10,H10)","v":7.4},{"$f":"MAX(E10,F10,G10,H10)","v":7.6},{"$f":"(E10+F10+G10+H10-I10-J10)/2","v":7.5000000000000009},7.6,7.4,7.7,7.7,{"$f":"MIN(L10,M10,N10,O10)","v":7.4},{"$f":"MAX(L10,M10,N10,O10)","v":7.7},{"$f":"(L10+M10+N10+O10-P10-Q10)/2","v":7.65},2.1,2.1,{"$f":"(S10+T10)/4","v":1.05},null,null,null,null,{"$f":"W10+X10+Y10","v":0},{"$f":"K10+R10+U10+V10-Z10","v":16.200000000000003},{"$f":"RANK(AA10,$AA$9:$AA$17,0)","v":1}]
[1,"Грищенко Кирилл Родионова Софья","МБУ СП \"СШ №6\", АКООПРС \"Город Мастеров\"","Барнаул Алтайский край",7.5,7.7,7.6,7.5,7.5,7.7,7.5499999999999989,7.4,7.5,7.8,7.6,7.4,7.8,7.5499999999999989,2.1,2.1,1.05,null,null,null,null,0,16.149999999999999,2]
[8,"Бурдунюк Глеб Ветчинкина Дарья","МБУ СП «СШ « Победа»","Барнаул Алтайский край",7.4,7.6,7.5,7.8,7.4,7.8,7.5499999999999989,7.4,7.6,7.5,7.5,7.4,7.6,7.5000000000000009,1.9,1.9,0.95,null,null,null,null,0,16,3]
[3,"Арнаутов Арсений Гриднева Анастасия","МБУ СП \"СШ №6\", АКООПРС \"Город Мастеров\"","Барнаул Алтайский край",7.3,7.4,7.4,7.3,7.3,7.4,7.3500000000000005,7.7,7.4,7.6,7.5,7.4,7.7,7.5500000000000025,2.1,2.1,1.05,null,null,null,null,0,15.950000000000003,4]
[6,"Диженков Юрий Домнышева Юлия","ДЮСШ № 2 ","Новосибирск Новосибирская область",7,6.9,6.8,6.8,6.8,7,6.85,7.3,6.9,7.3,7.1,6.9,7.3,7.2000000000000011,1.9,1.9,0.95,null,null,null,null,0,15,5]
[7,"Коновалова Полина Лоор Владислав","КГБУ СП КДЮСШ","Барнаул Алтайский край",6.9,7.1,6.8,6.8,6.8,7.1,6.8500000000000005,7.1,6.9,7,7,6.9,7.1,7.0000000000000009,1.7,1.7,0.85,null,null,null,null,0,14.700000000000001,6]
[9,"Агапов Александр Герасименко Анна","КГБУ СП КДЮСШ","Барнаул Алтайский край",6.8,6.9,6.6,6.6,6.6,6.9,6.6999999999999984,7.2,6.7,7.2,7.1,6.7,7.2,7.1500000000000021,1.7,1.7,0.85,null,null,null,null,0,14.700000000000001,7]
[2,"Немировский Давид\nРевва Алиса","с/к \" Реванш\"","Барнаул Алтайский край",6.7,6.8,6.5,6.9,6.5,6.9,6.7499999999999991,7.4,6.8,7.1,7.1,6.8,7.4,7.0999999999999988,0.9,0.9,0.45,null,null,null,0.2,0.2,14.099999999999998,{"$f":"RANK(AA17,$AA$9:$AA$17,0)","v":8}]
[null,"Главный  судья:",null,null,null,null,null,null,"Л.Н. Ляшенко",null,null,null,null,null,"Главный секретарь:",null,null,null,null,null,null,"Т.В.Хоружева"]
[]
[null,"Заместитель главного судьи:",null,null,null,null,null,null,"Н.К. Гринина",null,null,null,null,null,"Заместитель главного секретаря",null,null,null,null,null,null,"Д.А.Гринина"]